1347 1785 1044 1121 1616 1060 1013 1148 1377 1559 1083 1881 1490 1793 1030 1192 1279 1143 1488 1897 1916 1607 1926 1467 1439 1677 1816 1951 1732 1230 1382 1138 1399 1986 1547 1991 1838 1392 1353 1065 1886 1313 1299 1007 1008 1792 1661 1051 1213 1948 1918 1223 1535 1518 1475 1680 1325 1062 1257 1655 1307 1657 1378 1027 1745 1351 1913 1418 1189 1336 1519 1024 1008 1469 1156 1533 1572 1432 1897 1541 1435 1304 1466 1795 1657 1320 1146 1021 1432 1422 1615 1052 1143 1136 1944 1682 1568 1726 1707 BCNSPRNW ULIB Ver.6.0+V

เปลี่ยนเป็นภาษาไทย

Change to English
 แสดงรายละเอียดบรรณานุกรม
  กลับหน้าหลัก

Brief Record : Get Marc (ISO 2709) : E-mail record : QR code < ปิดหน้าต่าง
LEADER : 00000nam 2200000uu 4500
001    13399109592
003     ULIB
008    110405s2547||||th 000 0 tha d
020    974925774x
060 04 WB395^bศ315ร 2547
245 00 ธรรมชาติบำบัด :^bศิลปะการเยียวยาร่างกายและจิตใจเพื่อสมดุลของชีวิต /^cศรีสุดา ชมพันธ์, อธิษฐาน์ คงทรัพย์, เพียงพร ลาภคล้อยมา เรียบเรียง
250    พิมพ์ครั้งที่ 1
260    กรุงเทพฯ :^bสวนเงินมีมา,^c2547
300    154 หน้า :^bภาพประกอบ ;^c21 ซม.
440  0 ชุดวิถีชีวิตใหม่
650  7 การดูแลสุขภาพด้วยตนเอง
650  7 การรักษาด้วยธรรมชาติ
650  7 การล้างพิษ
650  7 ธรรมชาติบำบัด
650  7 อาหาร
650  7 อาหารเพื่อสุขภาพ
700 0  ศรีสุดา ชมพันธ์,^eผู้เรียบเรียง
700 0  อธิษฐาน์ คงทรัพย์,^eผู้เรียบเรียง
700 0  เพียงพร ลาภคล้อยมา,^eผู้เรียบเรียง
945    ^p160^l0^i017048
995    ทศพร
999 ^a ใช้งานได้ทุกระบบ
รายการนี้ยังไม่มีแท็ก
คุณยังไม่ได้ล็อกอิน คุณสามารถมีกิจกรรมร่วมกับเว็บไซต์ได้ แต่ต้องล็อกอินก่อน ::
  ล็อกอิน

รายการสื่อสารสนเทศ

ลำดับที่ ประเภท เลขเรียก/บาร์โค้ด สถานที่ สถานะ
- ไม่พบข้อมูล -

รายการใกล้เคียง
    หัวเรื่อง [การดูแลสุขภาพด้วยตนเอง]
    หัวเรื่อง [การรักษาด้วยธรรมชาติ]
    หัวเรื่อง [การล้างพิษ]
    หัวเรื่อง [ธรรมชาติบำบัด]
    หัวเรื่อง [อาหาร]
    หัวเรื่อง [อาหารเพื่อสุขภาพ]

BibComment


ยังไม่เคยถูกคอมเมนท์

คอมเมนท์ทรัพยากรรายการนี้
  คอมเมนท์: ธรรมชาติบำบัด ศิ..


 Copyright 2026. Bcnsprnw @Library